Normal view
MARC view
Entry Personal Name
001 - CONTROL NUMBER
- control field: 265545
003 - CONTROL NUMBER IDENTIFIER
- control field: OSt
005 - DATE AND TIME OF LATEST TRANSACTION
- control field: 20260608163814.0
008 - FIXED-LENGTH DATA ELEMENTS
- fixed length control field: 260608|| aca||aabn | a|a d
040 ## - CATALOGING SOURCE
- Original cataloging agency: OSt
- Transcribing agency: OSt
100 ## - HEADING--PERSONAL NAME
- Personal name: RODRIGUES (Melvin).
- Dates associated with a name: ರೊಡ್ರಿಗಸ್ (ಮೆಲ್ವಿನ್)
670 ## - SOURCE DATA FOUND
- Source citation: Work cat.: (OSt)105518: RODRIGUES (Melvin). ರೊಡ್ರಿಗಸ್ (ಮೆಲ್ವಿನ್), Shabdulin. Ed 1., 2003